14th International congress on catalysis Extended abstracts of the 14th International Congress on Catalysis : July 13-18, 2008 : Coex, Seoul, Korea /
Guardado en:
| Autor Corporativo: | |
|---|---|
| Formato: | Electrónico |
| Idioma: | English |
| Publicado: |
Seoul, Korea :
Organizing committee ICC,
2008.
|
| Etiquetas: |
Agregar Etiqueta
Sin Etiquetas, Sea el primero en etiquetar este registro!
|
| LEADER | 00621nmm a22001455a 4500 | ||
|---|---|---|---|
| 001 | EIQ.libpla004213 | ||
| 008 | 121010s2008####xx#########m########eng#d | ||
| 005 | 20121010124632.0 | ||
| 245 | 1 | 0 | |a 14th International congress on catalysis |h [recurso electrónico] : |b Extended abstracts of the 14th International Congress on Catalysis : July 13-18, 2008 : Coex, Seoul, Korea / |c Prof. Sang H. Moon, chairman. |
| 260 | |a Seoul, Korea : |b Organizing committee ICC, |c 2008. | ||
| 300 | |a 1 DVD. | ||
| 710 | 2 | |a International Congress on Catalysis : ICC. | |
| 082 | 0 | 4 | |a 541.395 |2 21 |
| 040 | |a AR-BbSID | ||
| 859 | |a AR-BbSID |b BIB. PLAPIQUI |h 541.395 |i In8 |p 6157 | ||
